|
|
|
|
| LEADER |
00000nab a2200000 a 4500 |
| 001 |
vtls000475300 |
| 003 |
SK-MaSNL |
| 005 |
20260318140831.0 |
| 008 |
230217c1992 xo 0 eng |
| 015 |
|
|
|a SNBRB19rr/mm-uuuuu
|
| 035 |
|
|
|a CL0475434
|
| 035 |
|
|
|a urn:nbn:sk:snk-ab78kf
|
| 035 |
|
|
|a (uuid)3803fd80-6482-4c9b-ba2d-68d80f60e534
|
| 035 |
|
|
|a (urnnbn)urn:nbn:sk:snk:ar-a07734
|
| 035 |
|
|
|a (sysno)vtls000475300
|
| 040 |
|
|
|a SNKBUCL
|b slo
|c SNKBUCL
|e AACR2
|
| 041 |
0 |
|
|a eng
|
| 044 |
|
|
|a xo
|c SK
|
| 080 |
|
|
|a 552.513:551.761
|2 1981
|
| 080 |
|
|
|a 551.761
|2 1981
|
| 100 |
1 |
|
|a Lintnerová, Otília
|4 aut
|9 11039
|
| 245 |
1 |
0 |
|a Distribution of stable O and C isotopes and microelements in Triassic limestones of the Veterlín unit, The Malé Karpaty Mts.: their diagenetic interpretation
|c Otília Lintnerová, Jana Hladíková
|
| 300 |
|
|
|b Fotogr. 12, grafy 3, mp. 1, tab. 1, lit. 37 zázn. v angl.
|
| 650 |
0 |
7 |
|a pieskovce
|2 snkbucl
|9 50707
|
| 650 |
0 |
7 |
|a trias
|2 snkbucl
|9 93539
|
| 651 |
|
7 |
|a Malé Karpaty (Slovensko : pohorie)
|2 snkbucl
|9 17931
|
| 655 |
|
7 |
|a články z novín a časopisov
|2 snkbucl
|9 267496
|
| 700 |
1 |
|
|a Hladíková, Jana
|4 aut
|9 290036
|
| 773 |
0 |
|
|t Geologica carpathica
|g Roč. 43, č. 4 (1992), s. 203-212
|x 0016-7738
|
| 850 |
|
|
|a Slovenská národná knižnica v Martine
|a MTA001
|
| 852 |
|
|
|a SNK
|b KIS3GCP
|
| 958 |
|
|
|a RK
|
| 958 |
|
|
|a CZ
|
| 958 |
|
|
|a NB
|
| 958 |
|
|
|a OND
|
| 958 |
|
|
|a EUIPO
|
| 958 |
|
|
|a article27
|
| 992 |
|
|
|a RBX
|
| 999 |
|
|
|c 1960770
|d 1962700
|